000 00670nam a22001577a 4500
999 _c20851
_d20851
008 240822b ||||| |||| 00| 0 eng d
082 _aDPer 510.5 Am351 June-August vol.141 no. 3-4
100 _aChousionis, Vasileios.
_eauthor.
_958894
245 _aInsrinsic lipschitz graphs and vertical b-numbers in the heisemberg /
_cVasileios Chousionis, Katrin Fassler, and Tuomas Orponen.
260 _aBaltimore, Maryland U.S.;
_bJohns Hopkins University Press,
_cJune 2019.
300 _avolume 1087-1147.
700 _aChousionis, Vasileios.
_eauthor.
_958894
700 _aFassler, Katrin.
_eauthor.
_958895
700 _aOrponen, Tuomas.
_eauthor.
_958896
942 _2ddc
_cPER